[Event "Erfurt AT op 24th"]
[Site "Erfurt"]
[Date "2014.12.29"]
[Round "6"]
[White "Timmermann, Helmut"]
[Black "Schmidt, Joerg"]
[Result "1/2-1/2"]
[WhiteElo "1802"]
[BlackElo "1652"]
[PlyCount "62"]
[EventDate "2014.12.26"]
[EventType "swiss"]
[EventRounds "7"]
[EventCountry "GER"]
[SourceTitle "CBM 164 Extra"]
[Source "ChessBase"]
[SourceDate "2015.03.02"]
[SourceVersion "1"]
[SourceVersionDate "2015.03.02"]
[SourceQuality "1"]

1. e4 e5 2. Nf3 Nc6 3. Bb5 a6 4. Ba4 Nf6 5. d3 b5 6. Bb3 Bc5 7. 0-0 d6 8. h3 h6 9. c3 0-0 10. Bc2 Bb7 11. Qe2 Re8 12. Be3 Bxe3 13. fxe3 Ne7 14. Nbd2 Ng6 15. Qf2 Qe7 16. Nh2 Rf8 17. Bb3 Kh7 18. Ndf3 Bc8 19. g4 Be6 20. Bc2 Rh8 21. Qg3 Kg8 22. h4 Qd7 23. h5 Nf8 24. Bd1 N8h7 25. Be2 Kf8 26. Nh4 Ke7 27. Nf5+ Bxf5 28. exf5 Ng5 29. Nf3 Nfh7 30. Nd2 Rae8 31. e4 Rhg8 1/2-1/2

[Event "GER-chB Seniors 26th"]
[Site "Bad Neuenahr"]
[Date "2014.08.13"]
[Round "9"]
[White "Timmermann, Helmut"]
[Black "Goldinger, Josef"]
[Result "1/2-1/2"]
[WhiteElo "1778"]
[BlackElo "1909"]
[PlyCount "21"]
[EventDate "2014.08.05"]
[EventType "swiss"]
[EventRounds "9"]
[EventCountry "GER"]
[SourceTitle "EXT 2018"]
[Source "ChessBase"]
[SourceDate "2017.10.13"]
[SourceVersion "1"]
[SourceVersionDate "2017.10.13"]
[SourceQuality "1"]

1. e4 e6 2. d4 d5 3. Nc3 Bb4 4. exd5 Bxc3+ 5. bxc3 exd5 6. Nf3 Bg4 7. Be2 Nc6 8. 0-0 Qd7 9. Ne5 Nxe5 10. dxe5 Bxe2 11. Qxe2 1/2-1/2

[Event "GER-chB Seniors 26th"]
[Site "Bad Neuenahr"]
[Date "2014.08.07"]
[Round "3"]
[White "Timmermann, Helmut"]
[Black "Gebuhr, Guenter"]
[Result "0-1"]
[WhiteElo "1778"]
[BlackElo "1976"]
[PlyCount "68"]
[EventDate "2014.08.05"]
[EventType "swiss"]
[EventRounds "9"]
[EventCountry "GER"]
[SourceTitle "EXT 2018"]
[Source "ChessBase"]
[SourceDate "2017.10.13"]
[SourceVersion "1"]
[SourceVersionDate "2017.10.13"]
[SourceQuality "1"]

1. e4 c5 2. Nf3 Nc6 3. d4 cxd4 4. Nxd4 Nf6 5. Nc3 d6 6. Nxc6 bxc6 7. Bd3 e5 8. 0-0 Be7 9. Ne2 0-0 10. c3 Be6 11. h3 d5 12. exd5 cxd5 13. b3 Qb6 14. Kh2 Rac8 15. Bb2 Rfd8 16. Ng3 e4 17. Be2 Bd6 18. Qd4 Bc5 19. Qe5 Re8 20. Qg5 h6 21. Qd2 e3 22. fxe3 Bxe3 23. Qd3 Bg5 24. Bc1 Qc7 25. Bxg5 hxg5 26. Rac1 Ne4 27. Rf3 f5 28. Kh1 g4 29. hxg4 fxg4 30. Nxe4 gxf3 31. Ng5 fxe2 32. Qh7+ Kf8 33. Qh8+ Ke7 34. Qxg7+ Kd6 0-1

[Event "GER-chB Seniors 26th"]
[Site "Bad Neuenahr"]
[Date "2014.08.05"]
[Round "1"]
[White "Timmermann, Helmut"]
[Black "Juenger, Leonhard"]
[Result "1-0"]
[WhiteElo "1778"]
[BlackElo "1821"]
[PlyCount "86"]
[EventDate "2014.08.05"]
[EventType "swiss"]
[EventRounds "9"]
[EventCountry "GER"]
[SourceTitle "EXT 2018"]
[Source "ChessBase"]
[SourceDate "2017.10.13"]
[SourceVersion "1"]
[SourceVersionDate "2017.10.13"]
[SourceQuality "1"]

1. e4 c5 2. Nf3 Nc6 3. d4 cxd4 4. Nxd4 g6 5. c3 Bg7 6. Be3 a6 7. Be2 Nf6 8. f3 0-0 9. 0-0 d5 10. Nxc6 bxc6 11. e5 Nd7 12. f4 e6 13. Nd2 c5 14. b3 a5 15. Qe1 Ba6 16. Bxa6 Rxa6 17. Qf2 Qc7 18. Nf3 Rc8 19. g4 f5 20. gxf5 exf5 21. Ng5 Nf8 22. Rad1 h6 23. Nf3 Qc6 24. Qg2 Qe6 25. Rd2 Rac6 26. Rfd1 Rd8 27. Ne1 d4 28. cxd4 cxd4 29. Rxd4 Rdc8 30. Qd5 h5 31. Qxe6+ Nxe6 32. Rd6 Bh6 33. Rxc6 Rxc6 34. Nd3 Kf7 35. Rc1 Rxc1+ 36. Bxc1 Nd4 37. Kf2 Bf8 38. Bd2 Nc6 39. Ke3 Ke6 40. Nb2 Bc5+ 41. Kd3 Kd5 42. Nc4 Bg1 43. h3 Bh2 1-0

[Event "Duisburg Grossenbaum op"]
[Site "Duisburg"]
[Date "2006.07.02"]
[Round "6"]
[White "Kusnetsov, Mark"]
[Black "Timmermann, Helmut"]
[Result "1-0"]
[WhiteElo "1773"]
[BlackElo "1889"]
[PlyCount "39"]
[EventDate "2006.06.02"]
[EventType "swiss"]
[EventRounds "7"]
[EventCountry "GER"]
[SourceTitle "EXT 2007"]
[Source "ChessBase"]
[SourceDate "2006.11.23"]
[SourceVersion "1"]
[SourceVersionDate "2006.11.23"]
[SourceQuality "1"]

1. e4 c5 2. Nf3 Nc6 3. c3 d6 4. d4 cxd4 5. cxd4 e6 6. Bb5 Bd7 7. 0-0 Be7 8. Nc3 Nf6 9. Ba4 0-0 10. e5 Ne8 11. a3 a6 12. Bc2 g6 13. Bh6 Ng7 14. Ne4 Qc7 15. Nf6+ Kh8 16. Qe2 Rfc8 17. Ng5 Bxf6 18. exf6 Nxd4 19. Bxg7+ Kg8 20. Qh5 1-0

[Event "Nibelungen Seniors op 2nd"]
[Site "Worms"]
[Date "2005.10.03"]
[Round "7"]
[White "Timmermann, Helmut"]
[Black "Koellmer, Hans Peter"]
[Result "1-0"]
[WhiteElo "1907"]
[BlackElo "1507"]
[PlyCount "68"]
[EventDate "2005.09.30"]
[EventType "swiss"]
[EventRounds "7"]
[EventCountry "GER"]
[SourceTitle "EXT 2007"]
[Source "ChessBase"]
[SourceDate "2006.11.23"]
[SourceVersion "1"]
[SourceVersionDate "2006.11.23"]
[SourceQuality "1"]

1. e4 c5 2. Nf3 e6 3. d4 cxd4 4. Nxd4 Nf6 5. Bd3 Be7 6. Nc3 a6 7. Be3 d6 8. 0-0 Nbd7 9. f4 Qc7 10. Qe1 Nc5 11. h3 0-0 12. f5 Nxd3 13. cxd3 e5 14. Nf3 h6 15. Rc1 Qd8 16. Qf2 Qd7 17. b3 b5 18. Nh2 Bb7 19. Qf3 d5 20. exd5 Nxd5 21. Nxd5 Bxd5 22. Qg3 Bg5 23. Bxg5 hxg5 24. f6 gxf6 25. Rxf6 Qa7+ 26. Kh1 Bxg2+ 27. Qxg2 Qe3 28. Rg1 Kg7 29. Rf3 Qxg1+ 30. Kxg1 Kg6 31. h4 f6 32. hxg5 f5 33. Rh3 Rac8 34. Rh6+ Kg7 1-0

[Event "Bad Zwesten op 9th"]
[Site "Bad Zwesten"]
[Date "2005.01.05"]
[Round "5"]
[White "Schmitz, Manuela"]
[Black "Timmermann, Helmut"]
[Result "1-0"]
[WhiteElo "2095"]
[BlackElo "1718"]
[PlyCount "85"]
[EventDate "2005.01.02"]
[EventType "swiss"]
[EventRounds "9"]
[EventCountry "GER"]
[SourceTitle "CBM 104 Extra"]
[Source "ChessBase"]
[SourceDate "2005.03.01"]
[SourceVersion "1"]
[SourceVersionDate "2005.03.01"]
[SourceQuality "1"]

1. d4 d5 2. c4 e6 3. Nc3 Nf6 4. Bg5 Be7 5. e3 b6 6. cxd5 Nxd5 7. Bxe7 Nxe7 8. Nf3 0-0 9. Rc1 Bb7 10. Bd3 h6 11. 0-0 Nd7 12. Bb1 Nf6 13. e4 c6 14. Qd3 g6 15. Qe3 Kg7 16. h3 Nh7 17. Rfe1 Ng8 18. Qf4 Rc8 19. Red1 Qe7 20. e5 Rcd8 21. Ne4 c5 22. Nd6 Bxf3 23. Qxf3 cxd4 24. Qe4 h5 25. Qxd4 Nh6 26. Qb4 Kg8 27. Qf4 Kg7 28. Rc3 Nf5 29. Bxf5 exf5 30. Ra3 Kh8 31. Rad3 Kg7 32. Qg3 Qe6 33. Nxf5+ Qxf5 34. Rxd8 Rxd8 35. Rxd8 Qb1+ 36. Kh2 Qxb2 37. a3 a5 38. f4 b5 39. f5 g5 40. h4 b4 41. f6+ Kh6 42. hxg5+ Nxg5 43. Rh8+ 1-0

[Event "Bad Zwesten op 9th"]
[Site "Bad Zwesten"]
[Date "2005.01.02"]
[Round "1"]
[White "Schuette, Marc"]
[Black "Timmermann, Helmut"]
[Result "1-0"]
[WhiteElo "2249"]
[BlackElo "1718"]
[PlyCount "47"]
[EventDate "2005.01.02"]
[EventType "swiss"]
[EventRounds "9"]
[EventCountry "GER"]
[SourceTitle "CBM 104 Extra"]
[Source "ChessBase"]
[SourceDate "2005.03.01"]
[SourceVersion "1"]
[SourceVersionDate "2005.03.01"]
[SourceQuality "1"]

1. e4 e6 2. d4 d5 3. Nd2 Nf6 4. e5 Nfd7 5. c3 c5 6. f4 cxd4 7. cxd4 Nc6 8. Ndf3 Be7 9. Bd3 b6 10. Be3 Bb7 11. Nh3 Bb4+ 12. Kf2 Be7 13. Re1 h6 14. Kf1 Nf8 15. Rc1 Qd7 16. a3 Rc8 17. Qa4 g6 18. Bb5 Qc7 19. Rxc6 Bxc6 20. Rc1 Kd7 21. Rxc6 Qxc6 22. Bxc6+ Rxc6 23. Qxa7+ Ke8 24. Qa8+ 1-0

[Event "Duisburg Grossenbaum op"]
[Site "Duisburg"]
[Date "2004.05.31"]
[Round "7"]
[White "Rolle, Harald"]
[Black "Timmermann, Helmut"]
[Result "0-1"]
[WhiteElo "1265"]
[BlackElo "1703"]
[PlyCount "80"]
[EventDate "2004.05.28"]
[EventType "swiss"]
[EventRounds "7"]
[EventCountry "GER"]
[SourceTitle "EXT 2006"]
[Source "ChessBase"]
[SourceDate "2005.11.24"]
[SourceVersion "1"]
[SourceVersionDate "2005.11.24"]
[SourceQuality "1"]

1. Nf3 Nf6 2. c4 e6 3. Nc3 Be7 4. d4 c6 5. e4 d5 6. cxd5 exd5 7. exd5 Nxd5 8. Qb3 Bb4 9. Bd2 Nxc3 10. bxc3 Bd6 11. Be2 Qe7 12. Be3 0-0 13. 0-0 b6 14. Rfe1 Qc7 15. h3 b5 16. Qc2 f6 17. Bd3 g6 18. Bh6 Qf7 19. Bxf8 Bxf8 20. Qb3 Kg7 21. Qxf7+ Kxf7 22. a4 b4 23. c4 a5 24. c5 Be6 25. Re2 Na6 26. Rae1 Bd5 27. Nh2 Nc7 28. Bb1 Ne6 29. Rd2 Ra7 30. Nf1 Bb3 31. g3 Bxa4 32. Ba2 b3 33. Bb1 Bb5 34. f4 f5 35. Ne3 a4 36. Red1 a3 37. d5 cxd5 38. Ba2 bxa2 39. Rxa2 Bxc5 40. Kf2 Bc4 0-1

[Event "Duisburg Grossenbaum op"]
[Site "Duisburg"]
[Date "2004.05.31"]
[Round "6"]
[White "Timmermann, Helmut"]
[Black "Strater, Heinz"]
[Result "0-1"]
[WhiteElo "1703"]
[BlackElo "1933"]
[PlyCount "62"]
[EventDate "2004.05.28"]
[EventType "swiss"]
[EventRounds "7"]
[EventCountry "GER"]
[SourceTitle "EXT 2006"]
[Source "ChessBase"]
[SourceDate "2005.11.24"]
[SourceVersion "1"]
[SourceVersionDate "2005.11.24"]
[SourceQuality "1"]

1. e4 e6 2. d4 d5 3. Nc3 Nf6 4. Bg5 Be7 5. Bxf6 Bxf6 6. e5 Be7 7. Nf3 c5 8. dxc5 Bxc5 9. Bb5+ Nc6 10. Bxc6+ bxc6 11. 0-0 0-0 12. Nd4 Qc7 13. Re1 a5 14. Na4 Ba7 15. Kh1 Bd7 16. Qd2 c5 17. Nf3 Bxa4 18. h4 f6 19. exf6 Rxf6 20. Ng5 Qd6 21. Ne4 Qf4 22. Nxf6+ Qxf6 23. Kg1 c4 24. c3 Rf8 25. Re2 Qxh4 26. Rf1 Rf6 27. Re3 Bxe3 28. Qxe3 Rh6 29. f4 Bc2 30. f5 Qh2+ 31. Kf2 Bxf5 0-1

[Event "Duisburg Grossenbaum op"]
[Site "Duisburg"]
[Date "2004.05.29"]
[Round "2"]
[White "Timmermann, Helmut"]
[Black "Elser, Niklas"]
[Result "1-0"]
[WhiteElo "1703"]
[BlackElo "1237"]
[PlyCount "63"]
[EventDate "2004.05.28"]
[EventType "swiss"]
[EventRounds "7"]
[EventCountry "GER"]
[SourceTitle "EXT 2006"]
[Source "ChessBase"]
[SourceDate "2005.11.24"]
[SourceVersion "1"]
[SourceVersionDate "2005.11.24"]
[SourceQuality "1"]

1. e4 d6 2. d4 Nf6 3. Nc3 c6 4. Bd3 Nbd7 5. Nf3 Qc7 6. h3 e5 7. Be3 Be7 8. 0-0 0-0 9. dxe5 dxe5 10. Nh2 Nc5 11. f4 Nxd3 12. cxd3 exf4 13. Bxf4 Qb6+ 14. Kh1 Qxb2 15. Rc1 Rd8 16. Rc2 Qa3 17. Qf3 Qa6 18. Rd2 Qa5 19. Ne2 Bb4 20. Rc2 Qa3 21. Nc1 Qa4 22. Nb3 Be6 23. Be5 Bxb3 24. axb3 Qb5 25. Bxf6 gxf6 26. Qxf6 Qxd3 27. Ng4 Qxb3 28. Nh6+ Kf8 29. Nxf7 Ke8 30. Rb2 Qc4 31. Nxd8 Rxd8 32. Rxb4 1-0

[Event "Duisburg Grossenbaum op"]
[Site "Duisburg"]
[Date "2004.05.28"]
[Round "1"]
[White "Kneutgen, Alexander"]
[Black "Timmermann, Helmut"]
[Result "1-0"]
[WhiteElo "2159"]
[BlackElo "1703"]
[PlyCount "51"]
[EventDate "2004.05.28"]
[EventType "swiss"]
[EventRounds "7"]
[EventCountry "GER"]
[SourceTitle "EXT 2006"]
[Source "ChessBase"]
[SourceDate "2005.11.24"]
[SourceVersion "1"]
[SourceVersionDate "2005.11.24"]
[SourceQuality "1"]

1. e4 c5 2. Nc3 e6 3. g3 d5 4. exd5 exd5 5. Bg2 Be6 6. d3 Be7 7. Nge2 Nf6 8. 0-0 Nbd7 9. Nf4 Nb6 10. Nxe6 fxe6 11. Qe2 Kf7 12. Re1 Qd7 13. Bh3 Qc6 14. Bxe6+ Kf8 15. Bh3 Re8 16. Qf3 Bd6 17. Bg5 Kf7 18. Bxf6 gxf6 19. Qh5+ Kg7 20. Be6 Re7 21. Bxd5 Nxd5 22. Qxd5 Qc7 23. Nb5 Rxe1+ 24. Rxe1 Qa5 25. Qxb7+ Kh6 26. Re4 1-0